El cultivo del ajo

Zapisane w:
Opis bibliograficzny
1. autor: Tapia Figueras, María Luisa (Autor)
Format: Książka
Język:hiszpański
Wydane: Santiago Universidad de Chile 1999
Seria:Publicaciones Misceláneas Agrícolas, 48
Hasła przedmiotowe:
Etykiety: Dodaj etykietę
Nie ma etykietki, Dołącz pierwszą etykiete!

MARC

LEADER 00000nam a2200000 a 4500
001 UCN0114
003 CL-VaPUC
008 010316e19991200CL |||||||||||||||||spa|d
082 0 4 |a 635.26  |b TAP  |2 21 
100 0 |a Tapia Figueras, María Luisa  |e author  |9 455379 
245 1 3 |a El cultivo del ajo 
300 |a 88 p 
942 |c BK 
945 |d 20010316 00:00:00  |a cmena 
260 |a Santiago  |b Universidad de Chile  |c 1999 
650 0 |a Ajo (Allium sativum)   |9 264164 
650 0 |a Cultivo  |9 264268 
650 0 |a Manejo de suelos  |9 325414 
650 0 |a Control de plagas  |9 327373 
650 7 |a PRODUCTOS AGRICOLAS  |2 CL-VaPUC  |9 338601 
583 |a last modification  |c 20180530 11:10:45  |k Rodrigo Vera 
490 0 |a Publicaciones Misceláneas Agrícolas, 48 
999 |c 294055  |d 294053 
952 |0 0  |1 0  |4 0  |6 635_260000000000000_TAP_1999  |7 0  |8 A  |9 345900  |a BIBAGR  |b BIBAGR  |d 2019-11-20  |i 3631923  |o 635.26 TAP 1999  |p 3631923  |r 2025-01-20  |w 2019-11-20  |y BK  |k AGR